<?xml version="1.0" encoding="UTF-8"?>
<collection xmlns="http://www.loc.gov/MARC21/slim">
 <record>
  <leader>01461nam a2200217Ia 4500</leader>
  <controlfield tag="001">CTU_162592</controlfield>
  <controlfield tag="008">210402s9999    xx            000 0 und d</controlfield>
  <datafield tag="082" ind1=" " ind2=" ">
   <subfield code="a">664.94</subfield>
  </datafield>
  <datafield tag="082" ind1=" " ind2=" ">
   <subfield code="b">U603</subfield>
  </datafield>
  <datafield tag="088" ind1=" " ind2=" ">
   <subfield code="a">60540101</subfield>
  </datafield>
  <datafield tag="100" ind1=" " ind2=" ">
   <subfield code="a">Lương, Uyên Uyên</subfield>
  </datafield>
  <datafield tag="245" ind1=" " ind2="0">
   <subfield code="a">Khảo sát và xây dựng quy trình chế biến mắm chua xương mềm từ cá sặc (Trichogaster trichopterus &amp; Trichogaster microlepis) :</subfield>
  </datafield>
  <datafield tag="245" ind1=" " ind2="0">
   <subfield code="b">Luận án Thạc sĩ khoa học chuyên ngành Công nghệ thực phẩm &amp; đồ uống</subfield>
  </datafield>
  <datafield tag="245" ind1=" " ind2="0">
   <subfield code="c">Lương Uyên Uyên ; Nguyễn Hữu Hiệp hướng dẫn khoa học</subfield>
  </datafield>
  <datafield tag="260" ind1=" " ind2=" ">
   <subfield code="a">Cần Thơ</subfield>
  </datafield>
  <datafield tag="260" ind1=" " ind2=" ">
   <subfield code="b">Trường Đại học Cần Thơ</subfield>
  </datafield>
  <datafield tag="260" ind1=" " ind2=" ">
   <subfield code="c">2010</subfield>
  </datafield>
  <datafield tag="520" ind1=" " ind2=" ">
   <subfield code="a">Mắm chua xương mềm từ cá sặc là dạng sản phẩm rất độc đáo, mắm còn nguyên vẹn hình dạng nhưng xương thì rất mềm. Đây là dạng sản phẩm lên men truyền thống mang tính độc đáo với nhiều cách chế biến khác nhau và chất lượng thường không ổn định. Đề tài đã khảo sát được ba qui trình chế biến khác nhau nhưng đều có những công đoạn cơ bản giống nhau.</subfield>
  </datafield>
  <datafield tag="650" ind1=" " ind2=" ">
   <subfield code="a">Fermentation,Fermented fish</subfield>
  </datafield>
  <datafield tag="904" ind1=" " ind2=" ">
   <subfield code="i">Bạch Trúc</subfield>
  </datafield>
  <datafield tag="980" ind1=" " ind2=" ">
   <subfield code="a">Trung tâm Học liệu Trường Đại học Cần Thơ</subfield>
  </datafield>
 </record>
</collection>
